Harshacharitha Sangraha Sanskrit (Record no. 5027)

MARC details
000 -LEADER
fixed length control field 00440nam a2200133Ia 4500
008 - FIXED-LENGTH DATA ELEMENTS--GENERAL INFORMATION
fixed length control field 211109s9999||||xx |||||||||||||| ||und||
082 ## - DEWEY DECIMAL CLASSIFICATION NUMBER
Classification number 891.2
Item number KRI-H
100 ## - MAIN ENTRY--PERSONAL NAME
Personal name Krishnamachariar R V,
245 #0 - TITLE STATEMENT
Title Harshacharitha Sangraha Sanskrit
260 ## - PUBLICATION, DISTRIBUTION, ETC.
Name of publisher, distributor, etc. Komalamba Press
Place of publication, distribution, etc. Kumbhakoum
Date of publication, distribution, etc. 1926
630 ## - SUBJECT ADDED ENTRY--UNIFORM TITLE
General subdivision General Stack
650 ## - SUBJECT ADDED ENTRY--TOPICAL TERM
Topical term or geographic name entry element Literatures of other languages
942 ## - ADDED ENTRY ELEMENTS (KOHA)
Koha item type BOOK
650 ## - SUBJECT ADDED ENTRY--TOPICAL TERM
Form subdivision East Indo-European & Celtic literaturesCeltic literatures
General subdivision Sanskrit
Holdings
Withdrawn status Lost status Damaged status Not for loan Home library Current library Date acquired Total Checkouts Full call number Barcode Shelving location Date last seen Price effective from Koha item type
        SB LIBRARY SB LIBRARY 09/11/2021   891.2 KRI-H 00005482 GENERAL STACK 09/11/2021 09/11/2021 BOOK

Powered by Koha